One Piece - utilisateurs Logia (images) - Statistiques

Statistiques générales
  • Ce quiz a été pris 624 fois
    448 depuis la dernière actualisation
  • Le résultat moyen est 12 sur 13
Statistiques - réponses
Par images Réponse % Correct
Ace
100%
Sabo
100%
Crocodile
99%
Ener
99%
Smoker
99%
Akainu
98%
Aokiji
98%
Barbe Noire
97%
Kizaru
97%
César Clown
94%
Caribou
85%
Monet
81%
Ryokugyû
68%
Aucun quiz correspondant
Distribution des résultats
% des personnes avec chaque résultat
Percentile par nombre de réponses
Votre historique - résultats
Vous n’avez pas pris ce quiz depuis la dernière actualisation